| 000 | 00571nam a2200181 4500 | ||
|---|---|---|---|
| 999 |
_c189063 _d189063 |
||
| 005 | 20220610163604.0 | ||
| 010 | _aENG-133226 | ||
| 020 |
_a978-93-5442-292-8 _c300.00 |
||
| 035 | _aEN-116758 | ||
| 037 | _bDBAD/PUB | ||
| 082 | _a542 | ||
| 245 |
_aSeeking History through Her Source/ _cedited by Aloka Parasher Sen |
||
| 260 |
_aTelangana _bOrient Blackswan Pvt.Ltd. _c2022 |
||
| 270 |
_a3-6-752 Himayatngaar, Hyderabad _bTelagana _e500029 |
||
| 300 |
_axiii,251p. _c22cm(pbk) _bIndex |
||
| 700 | _a Aloka Parasher Sen | ||
| 942 |
_2ddc _cEN _h954.3 _mSEE |
||